[Event "Titled Tuesday intern op 16th Apr Early"]
[Site "Chess.com INT"]
[Date "2024.04.16"]
[Round "5"]
[White "Luong, Phuong Hanh"]
[Black "Afanasieva, Alexandra"]
[Result "0-1"]
[WhiteElo "2052"]
[BlackElo "1914"]
[PlyCount "80"]
[EventDate "2024.04.16"]
[EventType "swiss (blitz)"]
[EventRounds "11"]
[EventCountry "USA"]
[SourceTitle "CB17_2024"]
[SourceDate "2024.04.24"]
[SourceVersion "1"]
[SourceVersionDate "2024.04.24"]
[SourceQuality "1"]

1. d4 Nf6 2. Nf3 e6 3. e3 b6 4. Bd3 Bb7 5. 0-0 d6 6. c4 Nbd7 7. Nc3 Qe7 8. e4 e5 9. d5 g6 10. h3 Bg7 11. Bg5 h6 12. Bh4 g5 13. Bg3 Nh5 14. Bh2 Nf4 15. b4 h5 16. Rc1 g4 17. Ne1 gxh3 18. g3 Ng6 19. c5 dxc5 20. Nb5 Qd8 21. d6 Kf8 22. dxc7 Qe7 23. Bc4 Rc8 24. Bxf7 Qxf7 25. Nd6 Qe6 26. Nxb7 Rxc7 27. bxc5 Rxb7 28. c6 Rc7 29. cxd7 Rxd7 30. Rc8+ Ke7 31. Qc1 Bh6 32. Qa3+ Qd6 33. Qxd6+ Rxd6 34. Rxh8 Nxh8 35. g4 hxg4 36. Bxe5 Rd8 37. Nc2 Nf7 38. Bg3 Rd2 39. Ne3 Bxe3 40. fxe3 Rg2+ 0-1

[Event "VIE-ch (Women)"]
[Site "Hanoi"]
[Date "2024.03.13"]
[Round "5"]
[White "Huynh, Phuc Minh Phuong"]
[Black "Luong, Phuong Hanh"]
[Result "0-1"]
[WhiteElo "1749"]
[BlackElo "2051"]
[PlyCount "78"]
[EventDate "2024.03.11"]
[EventType "swiss"]
[EventRounds "9"]
[EventCountry "VIE"]
[SourceTitle "CB13_2024"]
[SourceDate "2024.03.27"]
[SourceVersion "1"]
[SourceVersionDate "2024.03.27"]
[SourceQuality "1"]

1. e4 c5 2. Nf3 g6 3. c3 Bg7 4. d4 cxd4 5. cxd4 d5 6. e5 Nc6 7. Nc3 a6 8. Bd3 Bg4 9. Be3 e6 10. a3 Nge7 11. h3 Bxf3 12. Qxf3 b5 13. b4 Rc8 14. Rc1 0-0 15. 0-0 Qb6 16. Ne2 a5 17. Rc5 axb4 18. Rxb5 Qa6 19. axb4 Nxb4 20. Rxb4 Qxd3 21. Ng3 Nc6 22. Ra4 Ra8 23. Rxa8 Rxa8 24. Rd1 Qc3 25. Kh2 Qb4 26. Qe2 h5 27. Qc2 Qa4 28. Qd2 Na5 29. Bg5 Nc4 30. Qe2 Qb3 31. Rd3 Qb6 32. Bf6 Bxf6 33. exf6 Qd6 34. h4 Qf4 35. Kh3 Qxf6 36. Qc2 Qf4 37. Qe2 Ra1 38. f3 g5 39. hxg5 h4 0-1

[Event "Titled Tuesday intern op 12th Mar Early"]
[Site "Chess.com INT"]
[Date "2024.03.12"]
[Round "5"]
[White "Luong, Phuong Hanh"]
[Black "Viana, Valeria"]
[Result "1-0"]
[WhiteElo "2051"]
[BlackElo "1890"]
[PlyCount "35"]
[EventDate "2024.03.12"]
[EventType "swiss (blitz)"]
[EventRounds "11"]
[EventCountry "USA"]
[SourceTitle "CB12_2024"]
[SourceDate "2023.10.01"]
[SourceVersion "1"]
[SourceVersionDate "2023.10.01"]
[SourceQuality "1"]

1. d4 Nf6 2. Nf3 e6 3. e3 d5 4. Bd3 c5 5. 0-0 Nc6 6. b3 Bd6 7. Bb2 0-0 8. Nbd2 Re8 9. Ne5 Qc7 10. f4 cxd4 11. exd4 Nd7 12. Bxh7+ Kxh7 13. Qh5+ Kg8 14. Qxf7+ Kh8 15. Qxe8+ Kh7 16. Qg6+ Kg8 17. Qf7+ Kh7 18. Rf3 1-0

[Event "VIE-ch (Women)"]
[Site "Hanoi"]
[Date "2024.03.11"]
[Round "2"]
[White "Luong, Phuong Hanh"]
[Black "Le, Thai Hoang Anh"]
[Result "0-1"]
[WhiteElo "2051"]
[BlackElo "1714"]
[PlyCount "80"]
[EventDate "2024.03.11"]
[EventType "swiss"]
[EventRounds "9"]
[EventCountry "VIE"]
[SourceTitle "CB13_2024"]
[SourceDate "2024.03.27"]
[SourceVersion "1"]
[SourceVersionDate "2024.03.27"]
[SourceQuality "1"]

1. d4 d5 2. Bf4 Nf6 3. Nf3 e6 4. e3 Nbd7 5. Nbd2 Be7 6. Bd3 0-0 7. 0-0 b6 8. Ne5 Bb7 9. Qf3 c5 10. c3 a6 11. Rad1 b5 12. Qh3 Re8 13. Ndf3 Ne4 14. Nxd7 Qxd7 15. dxc5 Nf6 16. b4 Bc6 17. Ne5 Qb7 18. Ng4 g6 19. Nh6+ Kf8 20. Be5 Nh5 21. Be2 Ng7 22. Rd4 f5 23. Qg3 a5 24. h4 axb4 25. cxb4 Rxa2 26. Bf3 Rea8 27. h5 g5 28. Bxg7+ Kxg7 29. Qe5+ Kxh6 30. Qxe6+ Kg7 31. h6+ Kf8 32. Qxf5+ Ke8 33. Qxh7 Ra1 34. Qg8+ Kd7 35. Bg4+ Kc7 36. h7 Rxf1+ 37. Kxf1 Qb8 38. Be6 Qf8 39. Qxf8 Rxf8 40. Bg8 Bf6 0-1

[Event "Titled Tuesday intern op 13th Feb Early"]
[Site "Chess.com INT"]
[Date "2024.02.13"]
[Round "3"]
[White "Luong, Phuong Hanh"]
[Black "Goncharov, Vladimir"]
[Result "0-1"]
[WhiteElo "2051"]
[BlackElo "2077"]
[PlyCount "78"]
[EventDate "2024.02.13"]
[EventType "swiss (blitz)"]
[EventRounds "11"]
[EventCountry "USA"]
[SourceTitle "CB08_2024"]
[SourceDate "2024.02.21"]
[SourceVersion "1"]
[SourceVersionDate "2024.02.21"]
[SourceQuality "1"]

1. d4 Nf6 2. Nf3 e6 3. Bf4 b6 4. e3 Bb7 5. Bd3 Nh5 6. Bg5 Be7 7. Bxe7 Qxe7 8. Nbd2 a6 9. e4 Nf4 10. Bf1 f5 11. e5 0-0 12. g3 Ng6 13. Bg2 d6 14. exd6 cxd6 15. 0-0 Nd7 16. Re1 Rae8 17. Qe2 Nf6 18. Ng5 Bxg2 19. Kxg2 Qb7+ 20. Kg1 Nd5 21. Qf3 e5 22. Nc4 e4 23. Qb3 Qc6 24. Nxb6 Qxb6 25. Qxd5+ Kh8 26. Nf7+ Rxf7 27. Qxf7 Rf8 28. Qd5 Qxb2 29. Qxd6 Qxc2 30. Rec1 Qe2 31. Re1 Qf3 32. Re3 Qg4 33. Rb1 h5 34. Rb8 Rxb8 35. Qxb8+ Kh7 36. Qb2 Qd1+ 37. Kg2 f4 38. Rxe4 f3+ 39. Kh3 Qf1# 0-1

[Event "Titled Tuesday intern op 26th Sep Early"]
[Site "Chess.com INT"]
[Date "2023.09.26"]
[Round "10"]
[White "Souleidis, Georgios"]
[Black "Luong, Phuong Hanh"]
[Result "1-0"]
[WhiteElo "2419"]
[BlackElo "2163"]
[PlyCount "51"]
[EventDate "2023.09.26"]
[EventType "swiss (blitz)"]
[EventRounds "11"]
[EventCountry "USA"]
[SourceTitle "EXT 2024"]
[Source "ChessBase"]
[SourceDate "2023.10.10"]
[SourceVersion "1"]
[SourceVersionDate "2023.10.10"]
[SourceQuality "1"]

1. e4 c5 2. Be2 Nc6 3. d3 d6 4. f4 g6 5. Nf3 Bg7 6. 0-0 Nf6 7. c3 0-0 8. Kh1 b5 9. a3 Bb7 10. Be3 a5 11. Nbd2 b4 12. d4 bxc3 13. bxc3 cxd4 14. cxd4 Ba6 15. Rc1 Ng4 16. Bg1 h5 17. Rxc6 Bb7 18. Rc2 Bh6 19. Ng5 e5 20. Bxg4 hxg4 21. Qxg4 exf4 22. Ndf3 Qf6 23. d5 Qe7 24. Qh4 Kg7 25. Bd4+ f6 26. Ne6+ 1-0

[Event "Titled Tuesday intern op 19th Sep Early"]
[Site "Chess.com INT"]
[Date "2023.09.19"]
[Round "9"]
[White "Luong, Phuong Hanh"]
[Black "Nagare, Kaivalya Sandip"]
[Result "0-1"]
[WhiteElo "2163"]
[BlackElo "2095"]
[PlyCount "108"]
[EventDate "2023.09.19"]
[EventType "swiss (blitz)"]
[EventRounds "11"]
[EventCountry "USA"]
[SourceTitle "EXT 2024"]
[Source "ChessBase"]
[SourceDate "2023.10.10"]
[SourceVersion "1"]
[SourceVersionDate "2023.10.10"]
[SourceQuality "1"]

1. d4 Nf6 2. Nf3 g6 3. g3 Bg7 4. Bg2 0-0 5. 0-0 d6 6. a4 Nbd7 7. a5 e5 8. Nc3 e4 9. Nd2 d5 10. Nb3 c6 11. Bf4 Re8 12. Na4 Nf8 13. Nac5 Ne6 14. Nxe6 Bxe6 15. Nc5 Qe7 16. Bd2 Nd7 17. Bb4 Nxc5 18. Bxc5 Qd7 19. Qd2 h5 20. Rfb1 Kh7 21. c4 f5 22. cxd5 Bxd5 23. e3 h4 24. Qe2 hxg3 25. hxg3 Bf6 26. b4 a6 27. Rc1 Kg7 28. Bb6 g5 29. Qb2 f4 30. exf4 gxf4 31. gxf4 Qg4 32. Kf1 e3 33. Bxd5 e2+ 34. Ke1 cxd5 35. Rc7+ Kg6 36. Qc2+ Re4 37. Kd2 Qxf4+ 38. Kc3 Bxd4+ 39. Bxd4 Qxc7+ 40. Bc5 Kf6 41. Kb3 Qe5 42. Re1 Rh8 43. Ka4 Rh3 44. Be3 Qe8+ 45. Ka3 Rhxe3+ 46. fxe3 Rxe3+ 47. Ka2 Qe4 48. Qc7 Qc4+ 49. Qxc4 dxc4 50. Kb2 Ke5 51. Kc2 Ke4 52. Kd2 c3+ 53. Kc2 Kf3 54. Kb3 Kf2 0-1

[Event "VIE-ch (Women)"]
[Site "Ha Tien"]
[Date "2023.09.13"]
[Round "2"]
[White "Luong, Phuong Hanh"]
[Black "Ha, Phuong Hoang Mai"]
[Result "1-0"]
[WhiteElo "2163"]
[BlackElo "1884"]
[PlyCount "97"]
[EventDate "2023.09.13"]
[EventType "swiss"]
[EventRounds "9"]
[EventCountry "VIE"]
[SourceTitle "EXT 2024"]
[Source "ChessBase"]
[SourceDate "2023.10.10"]
[SourceVersion "1"]
[SourceVersionDate "2023.10.10"]
[SourceQuality "1"]

1. d4 d5 2. c4 c6 3. Nf3 Nf6 4. Qc2 g6 5. Bf4 Bg7 6. e3 Bf5 7. Qb3 Qb6 8. Nc3 Nbd7 9. h3 h6 10. Ne5 Qxb3 11. axb3 g5 12. Bh2 a6 13. g4 Bc2 14. Nxd7 Kxd7 15. Na4 Rae8 16. Rc1 Be4 17. Nc5+ Kc8 18. Nxe4 dxe4 19. Bg2 h5 20. Be5 hxg4 21. hxg4 Rxh1+ 22. Bxh1 Rh8 23. Ke2 Rh4 24. Rg1 Kd7 25. b4 Ke6 26. Bg2 Bf8 27. f3 Kd7 28. fxe4 Nxg4 29. Bg3 Rh8 30. e5 Bg7 31. b5 Nh6 32. bxc6+ bxc6 33. Be4 e6 34. Be1 f6 35. exf6 Bxf6 36. Kd3 Be7 37. Bc3 Ra8 38. Rh1 Ng4 39. Ke2 Nf6 40. Bg2 Kc7 41. Rf1 Rf8 42. Ra1 Kb6 43. Ra4 Rh8 44. Kd3 Ng4 45. c5+ Kb7 46. Bxc6+ Kc7 47. Rxa6 Rh3 48. Bd2 Rh2 49. b4 1-0

[Event "VIE-ch (Women)"]
[Site "Ha Tien"]
[Date "2023.09.13"]
[Round "1"]
[White "Tong, Thai Ky An"]
[Black "Luong, Phuong Hanh"]
[Result "0-1"]
[WhiteElo "1456"]
[BlackElo "2163"]
[PlyCount "109"]
[EventDate "2023.09.13"]
[EventType "swiss"]
[EventRounds "9"]
[EventCountry "VIE"]
[SourceTitle "EXT 2024"]
[Source "ChessBase"]
[SourceDate "2023.10.10"]
[SourceVersion "1"]
[SourceVersionDate "2023.10.10"]
[SourceQuality "1"]

1. e4 c5 2. Nf3 e6 3. c4 a6 4. Nc3 Qc7 5. Be2 Nf6 6. 0-0 Nc6 7. Re1 Bd6 8. Bf1 Nd4 9. g3 0-0 10. Bg2 Rb8 11. a4 b6 12. d3 Bb7 13. Bg5 Nxf3+ 14. Bxf3 Be5 15. Bg2 h6 16. Be3 d5 17. cxd5 exd5 18. d4 cxd4 19. Bxd4 dxe4 20. Nxe4 Rbd8 21. Bxe5 Qxe5 22. Nxf6+ Qxf6 23. Qe2 Bxg2 24. Kxg2 a5 25. Qe5 Qg6 26. Qe4 Qd6 27. Qe5 Qd7 28. Qe7 Qd2 29. Rad1 Qxd1 30. Rxd1 Rxd1 31. Qc7 Rd4 32. Qxb6 Rxa4 33. b3 Ra2 34. Kf3 Re8 35. Qb5 Re6 36. Qb8+ Kh7 37. Qa7 Rf6+ 38. Kg2 g5 39. Qd4 Rfxf2+ 40. Kg1 Rg2+ 41. Kf1 Raf2+ 42. Ke1 Rxh2 43. g4 Re2+ 44. Kf1 Rhf2+ 45. Kg1 Rf4 46. Qd5 Ree4 47. Qxa5 Rxg4+ 48. Kh2 Rgf4 49. Qd5 h5 50. Qd3 Kh6 51. Qd6+ Kg7 52. Qd5 Rh4+ 53. Kg2 Rhg4+ 54. Kh2 Re2+ 55. Kh1 0-1

[Event "Titled Tuesday intern op 12th Sep Early"]
[Site "Chess.com INT"]
[Date "2023.09.12"]
[Round "1"]
[White "Yanchenko, Roman"]
[Black "Luong, Phuong Hanh"]
[Result "1-0"]
[WhiteElo "2466"]
[BlackElo "2163"]
[PlyCount "65"]
[EventDate "2023.09.12"]
[EventType "swiss (blitz)"]
[EventRounds "11"]
[EventCountry "USA"]
[SourceTitle "EXT 2024"]
[Source "ChessBase"]
[SourceDate "2023.10.10"]
[SourceVersion "1"]
[SourceVersionDate "2023.10.10"]
[SourceQuality "1"]

1. d4 Nf6 2. Nf3 g6 3. Bf4 Bg7 4. e3 0-0 5. h3 d6 6. Be2 b6 7. 0-0 Bb7 8. a4 Nbd7 9. a5 a6 10. axb6 Nxb6 11. c4 Ne4 12. Qc2 Nf6 13. Nc3 Re8 14. Rfd1 Qc8 15. b4 Nbd7 16. Bg3 Rb8 17. Rdb1 e5 18. dxe5 Nxe5 19. Nxe5 dxe5 20. c5 Qe6 21. Qa4 Ne4 22. Nxe4 Bxe4 23. Rc1 Ra8 24. Bxa6 Qd5 25. Rd1 Qe6 26. Qd7 Qxd7 27. Rxd7 c6 28. Ra5 Bd5 29. Bb7 Rab8 30. b5 Be6 31. bxc6 Bxd7 32. cxd7 Red8 33. c6 1-0

[Event "Titled Tuesday intern op 05th Sep Early"]
[Site "Chess.com INT"]
[Date "2023.09.05"]
[Round "7"]
[White "Liu, Casper Yukun"]
[Black "Luong, Phuong Hanh"]
[Result "1-0"]
[WhiteElo "2278"]
[BlackElo "2163"]
[PlyCount "49"]
[EventDate "2023.09.05"]
[EventType "swiss (blitz)"]
[EventRounds "11"]
[EventCountry "USA"]
[SourceTitle "EXT 2024"]
[Source "ChessBase"]
[SourceDate "2023.10.10"]
[SourceVersion "1"]
[SourceVersionDate "2023.10.10"]
[SourceQuality "1"]

1. e4 c5 2. d4 cxd4 3. Qxd4 e6 4. Nc3 Nc6 5. Qd3 Nf6 6. Bg5 Be7 7. 0-0-0 0-0 8. Nf3 Qa5 9. Kb1 Nb4 10. Qb5 Qc7 11. Bxf6 Bxf6 12. Qxb4 a5 13. Qc4 Qb6 14. e5 Be7 15. Bd3 Qxf2 16. Ne4 Qxg2 17. Nf6+ Bxf6 18. exf6 Qxf3 19. Qh4 g6 20. Rhf1 Qh5 21. Qxh5 gxh5 22. Rg1+ Kh8 23. Rg7 b5 24. Rxh7+ Kg8 25. Rg1# 1-0

[Event "Titled Tuesday intern op 05th Sep Early"]
[Site "Chess.com INT"]
[Date "2023.09.05"]
[Round "3"]
[White "Luong, Phuong Hanh"]
[Black "Garakov, Mikhael"]
[Result "0-1"]
[WhiteElo "2163"]
[BlackElo "2447"]
[PlyCount "74"]
[EventDate "2023.09.05"]
[EventType "swiss (blitz)"]
[EventRounds "11"]
[EventCountry "USA"]
[SourceTitle "EXT 2024"]
[Source "ChessBase"]
[SourceDate "2023.10.10"]
[SourceVersion "1"]
[SourceVersionDate "2023.10.10"]
[SourceQuality "1"]

1. d4 c5 2. d5 g6 3. Nc3 Bg7 4. e4 d6 5. Nf3 Nf6 6. Bb5+ Bd7 7. a4 0-0 8. 0-0 Bxb5 9. axb5 Nbd7 10. Qe2 Nb6 11. h3 Ne8 12. Bf4 Nc7 13. Rfd1 Qd7 14. e5 c4 15. Qd2 Nxb5 16. Nxb5 Qxb5 17. exd6 exd6 18. Bxd6 Rfd8 19. Ra5 Qxb2 20. Ba3 Qc3 21. Bb4 Qxd2 22. Rxd2 Rd7 23. d6 a6 24. c3 Re8 25. Rc5 Bf8 26. Rc7 Rxc7 27. dxc7 Bxb4 28. Rd8 Kf8 29. cxb4 Ke7 30. Rd4 c3 31. Rd3 Na4 32. Re3+ Kd7 33. Rxe8 Kxc7 34. Re2 Kc6 35. Ne1 Kb5 36. Re4 Nb2 37. Nc2 b6 0-1

[Event "Titled Tuesday intern op 05th Sep Early"]
[Site "Chess.com INT"]
[Date "2023.09.05"]
[Round "8"]
[White "Veljanoski, Andrej"]
[Black "Luong, Phuong Hanh"]
[Result "1-0"]
[WhiteElo "2270"]
[BlackElo "2163"]
[PlyCount "79"]
[EventDate "2023.09.05"]
[EventType "swiss (blitz)"]
[EventRounds "11"]
[EventCountry "USA"]
[SourceTitle "EXT 2024"]
[Source "ChessBase"]
[SourceDate "2023.10.10"]
[SourceVersion "1"]
[SourceVersionDate "2023.10.10"]
[SourceQuality "1"]

1. Nf3 Nf6 2. c4 g6 3. b3 Bg7 4. Bb2 0-0 5. g3 d6 6. Bg2 e5 7. d3 c5 8. 0-0 Nc6 9. Nc3 Nd4 10. Nd2 Bg4 11. h3 Be6 12. a3 Rb8 13. e3 Nf5 14. b4 a6 15. Nde4 b5 16. cxb5 axb5 17. bxc5 Nxe4 18. dxe4 Ne7 19. Qxd6 Qxd6 20. cxd6 Nc8 21. Rfd1 Rd8 22. Bf1 Nxd6 23. Nxb5 Nxb5 24. Rxd8+ Rxd8 25. Bxb5 Bxh3 26. a4 Rb8 27. Ba3 Bg4 28. Bd6 Rd8 29. Bc7 Rc8 30. Bb6 Bf3 31. Bd3 f5 32. a5 Bxe4 33. Bxe4 fxe4 34. a6 Bf8 35. a7 Ra8 36. Rd1 Be7 37. Rd7 Kf8 38. Rb7 Bd6 39. Bc5 Bxc5 40. Rb8+ 1-0

[Event "Titled Tuesday intern op 15th Aug Early"]
[Site "Chess.com INT"]
[Date "2023.08.15"]
[Round "5"]
[White "Haug, Havard"]
[Black "Luong, Phuong Hanh"]
[Result "1-0"]
[WhiteElo "2199"]
[BlackElo "2163"]
[PlyCount "89"]
[EventDate "2023.08.15"]
[EventType "swiss (blitz)"]
[EventRounds "11"]
[EventCountry "USA"]
[SourceTitle "EXT 2024"]
[Source "ChessBase"]
[SourceDate "2023.10.10"]
[SourceVersion "1"]
[SourceVersionDate "2023.10.10"]
[SourceQuality "1"]

1. e4 c5 2. c3 Nf6 3. e5 Nd5 4. Nf3 Nc6 5. Bc4 Nb6 6. Bb3 d5 7. exd6 Qxd6 8. d4 cxd4 9. cxd4 g6 10. Nc3 Bg7 11. Be3 0-0 12. h3 Bf5 13. 0-0 Rad8 14. Qe2 Nb4 15. Rad1 N4d5 16. Bg5 Rfe8 17. Bh4 Nxc3 18. bxc3 Nd5 19. Qd2 Nf6 20. Bg3 Qa6 21. Rfe1 Ne4 22. Rxe4 Bxe4 23. Bxf7+ Kxf7 24. Ng5+ Kg8 25. Nxe4 Qc4 26. Qg5 Qe2 27. Qg4 Qxg4 28. hxg4 Rd5 29. Rb1 b5 30. f3 e5 31. dxe5 Bxe5 32. Bxe5 Rexe5 33. Nf6+ Kf7 34. Nxd5 Rxd5 35. Rb2 a6 36. Kf2 Ke6 37. Ke3 Kd6 38. f4 Kc5 39. Rf2 Kc4 40. f5 Rd3+ 41. Ke4 Rg3 42. f6 Rxg4+ 43. Ke5 Rg5+ 44. Ke6 Rg3 45. f7 1-0

[Event "Titled Tuesday intern op 08th Aug Early"]
[Site "Chess.com INT"]
[Date "2023.08.08"]
[Round "8"]
[White "Czerw, Dawid"]
[Black "Luong, Phuong Hanh"]
[Result "0-1"]
[WhiteElo "2400"]
[BlackElo "2163"]
[PlyCount "62"]
[EventDate "2023.08.08"]
[EventType "swiss (blitz)"]
[EventRounds "11"]
[EventCountry "USA"]
[SourceTitle "EXT 2024"]
[Source "ChessBase"]
[SourceDate "2023.10.10"]
[SourceVersion "1"]
[SourceVersionDate "2023.10.10"]
[SourceQuality "1"]

1. e4 c5 2. Nf3 e6 3. d4 cxd4 4. Nxd4 a6 5. a4 Nf6 6. Nc3 d6 7. Be3 Nbd7 8. Bd3 Be7 9. 0-0 0-0 10. f4 Qc7 11. Qf3 b6 12. Rae1 Bb7 13. Qg3 Kh8 14. Qh3 Nc5 15. Bd2 Nxd3 16. cxd3 Nd7 17. Nf3 Bf6 18. g4 g6 19. g5 Bg7 20. f5 exf5 21. exf5 Qc5+ 22. d4 Qxf5 23. Qxf5 gxf5 24. Re7 Bxf3 25. Rxf3 Bxd4+ 26. Kg2 Ne5 27. Rxf5 Rae8 28. Rb7 Kg7 29. Nd5 Bxb2 30. Bb4 Kg6 31. Rfxf7 Rxf7 0-1

[Event "Titled Tuesday intern op 08th Aug Early"]
[Site "Chess.com INT"]
[Date "2023.08.08"]
[Round "9"]
[White "Luong, Phuong Hanh"]
[Black "Dyachuk, Artem"]
[Result "0-1"]
[WhiteElo "2163"]
[BlackElo "2242"]
[PlyCount "62"]
[EventDate "2023.08.08"]
[EventType "swiss (blitz)"]
[EventRounds "11"]
[EventCountry "USA"]
[SourceTitle "EXT 2024"]
[Source "ChessBase"]
[SourceDate "2023.10.10"]
[SourceVersion "1"]
[SourceVersionDate "2023.10.10"]
[SourceQuality "1"]

1. d4 Nf6 2. Nf3 e6 3. e3 c5 4. Bd3 b6 5. 0-0 Bb7 6. c4 cxd4 7. exd4 Be7 8. Nc3 d5 9. cxd5 Nxd5 10. Ne5 0-0 11. Qg4 Nf6 12. Qg3 Qxd4 13. Ne2 Qd5 14. Bc4 Qc5 15. Be3 Qa5 16. Bd4 Nc6 17. Nxc6 Bxc6 18. Nf4 e5 19. Bxe5 Qxe5 20. Ng6 Qc5 21. Rac1 hxg6 22. Bxf7+ Rxf7 23. Rxc5 Bxc5 24. Qxg6 Raf8 25. h4 Bb5 26. Rd1 Be8 27. Qc2 Ng4 28. Qb3 Nxf2 29. Rd8 Ng4+ 30. Kh1 Kh8 31. g3 Bc6+ 0-1

[Event "Titled Tuesday intern op 01st Aug Early"]
[Site "Chess.com INT"]
[Date "2023.08.01"]
[Round "5"]
[White "Gopal, KN."]
[Black "Luong, Phuong Hanh"]
[Result "0-1"]
[WhiteElo "1910"]
[BlackElo "2163"]
[PlyCount "68"]
[EventDate "2023.08.01"]
[EventType "swiss (blitz)"]
[EventRounds "11"]
[EventCountry "USA"]
[SourceTitle "EXT 2024"]
[Source "ChessBase"]
[SourceDate "2023.10.10"]
[SourceVersion "1"]
[SourceVersionDate "2023.10.10"]
[SourceQuality "1"]

1. c4 Nf6 2. g3 c6 3. Bg2 d5 4. Nf3 g6 5. b3 Bg7 6. Bb2 0-0 7. 0-0 Nbd7 8. d3 Re8 9. Nbd2 e5 10. cxd5 cxd5 11. e4 d4 12. Rc1 b6 13. Nc4 Ba6 14. Ba3 Bxc4 15. bxc4 Rc8 16. Qa4 Qc7 17. Rc2 Bf8 18. Bh3 Bxa3 19. Qxa3 Rcd8 20. Bxd7 Nxd7 21. Kg2 Nc5 22. Nh4 Rf8 23. f4 exf4 24. Rxf4 Qb7 25. Rcf2 f5 26. Kg1 g5 27. Rxf5 gxh4 28. Rg5+ Kh8 29. Rxf8+ Rxf8 30. Qb2 Ne6 31. Re5 Qf7 32. Qe2 hxg3 33. hxg3 Rg8 34. Kg2 Nf4+ 0-1

[Event "Titled Tuesday intern op 01st Aug Early"]
[Site "Chess.com INT"]
[Date "2023.08.01"]
[Round "4"]
[White "Luong, Phuong Hanh"]
[Black "Kuchava, Ana"]
[Result "1-0"]
[WhiteElo "2163"]
[BlackElo "2101"]
[PlyCount "67"]
[EventDate "2023.08.01"]
[EventType "swiss (blitz)"]
[EventRounds "11"]
[EventCountry "USA"]
[SourceTitle "EXT 2024"]
[Source "ChessBase"]
[SourceDate "2023.10.10"]
[SourceVersion "1"]
[SourceVersionDate "2023.10.10"]
[SourceQuality "1"]

1. d4 d5 2. c4 e6 3. Nf3 Nf6 4. g3 Bb4+ 5. Bd2 Be7 6. Bg2 0-0 7. 0-0 c6 8. Qc2 b6 9. Bf4 Ba6 10. Ne5 Nfd7 11. cxd5 cxd5 12. Nc3 Nxe5 13. dxe5 Nd7 14. Rfd1 Rc8 15. Qa4 Nc5 16. Qc2 Qc7 17. Rac1 Rfd8 18. b4 Nd7 19. Qa4 Bc4 20. Bxd5 Nc5 21. bxc5 Bxd5 22. Nxd5 Rxd5 23. Rxd5 exd5 24. e6 Qd8 25. exf7+ Kxf7 26. c6 a5 27. c7 Qe8 28. Qd4 Bf6 29. Qxd5+ Qe6 30. Qxe6+ Kxe6 31. Rc6+ Kd7 32. Rxb6 Re8 33. Rb8 Rc8 34. Rb5 1-0

[Event "Piestany op-A"]
[Site "Piestany"]
[Date "2023.07.19"]
[Round "9"]
[White "Luong, Phuong Hanh"]
[Black "Nielsen, Hogni Egilstoft"]
[Result "1/2-1/2"]
[WhiteElo "2100"]
[BlackElo "2414"]
[PlyCount "128"]
[EventDate "2023.07.11"]
[EventType "swiss"]
[EventRounds "9"]
[EventCountry "SVK"]
[SourceTitle "EXT 2024"]
[Source "ChessBase"]
[SourceDate "2023.10.10"]
[SourceVersion "1"]
[SourceVersionDate "2023.10.10"]
[SourceQuality "1"]

1. d4 Nf6 2. Nf3 g6 3. g3 Bg7 4. Bg2 c5 5. 0-0 cxd4 6. Nxd4 Nc6 7. Nc3 0-0 8. Nb3 d6 9. h3 a5 10. Be3 a4 11. Nd4 Bd7 12. Kh2 a3 13. b3 Qa5 14. Qd2 Nxd4 15. Bxd4 Rac8 16. b4 Qxb4 17. Rab1 Ng4+ 18. hxg4 Qxd4 19. Qxd4 Bxd4 20. Rxb7 Be6 21. Nb5 Bc5 22. Rxe7 Bxa2 23. Nxa3 Bxa3 24. Ra7 Rxc2 25. Rxa3 Rxe2 26. Bf3 Rd2 27. Kg2 Be6 28. Rd1 Rxd1 29. Bxd1 h6 30. Rd3 Rd8 31. Rd4 Kf8 32. f4 Ke7 33. Bf3 Rb8 34. Rd2 Rb4 35. Re2 Kd7 36. Rc2 Rb6 37. Rf2 Ra6 38. Rb2 Bc4 39. Kf2 Ra3 40. Rb8 d5 41. f5 gxf5 42. gxf5 Kd6 43. Rb6+ Ke5 44. Rxh6 Ra2+ 45. Ke1 Kd4 46. g4 Ke3 47. Bd1 d4 48. Rh3+ Ke4 49. Rh8 d3 50. Rd8 Ke3 51. Re8+ Kd4 52. Rh8 Kc3 53. Rc8 Rh2 54. Bf3 d2+ 55. Kd1 Rf2 56. Be2 Rxe2 57. Rxc4+ Kd3 58. Rd4+ Kxd4 59. Kxe2 Ke4 60. Kxd2 Kf4 61. f6 Kxg4 62. Ke3 Kf5 63. Kf3 Kxf6 64. Kf4 Ke6 1/2-1/2